000 00379nam a22001457a 4500
082 _a627.52
_bSHA
_cD
100 _aSharma, J. L
_9632
245 _aIrrigation Engineering/
250 _a1st ed.
260 _aNew Delhi:
_bTech India Publication,
_cc1952
300 _a480 p,
_bill,:
_c22cm
526 _a0
_b0
_c0
_d627_520000000000000_SHA
650 _aMCE
_9379
942 _2ddc
_cBK
999 _c547875
_d547875